コーヒーの生産量が多い国 - Statistics

General Stats
  • This quiz has been taken 147 times
  • The average score is 19 of 30
Answer Stats
生産量 % Correct
ブラジル 320万
96%
コロンビア 665K
91%
インド 338.6K
88%
インドネシア 794.8K
85%
ケニア 51.9K
84%
エチオピア 496.2K
78%
ペルー 352.6K
78%
メキシコ 181.7K
78%
中国 108.9K
76%
ベトナム 200万
73%
ベネズエラ 57.2K
70%
タンザニア 67.2K
68%
コートジボワール 7万
64%
フィリピン 58.3K
64%
ボリビア 23.2K
63%
ホンジュラス 315.5K
57%
グアテマラ 225.5K
56%
コンゴ民主共和国 58.8K
56%
コスタリカ 79.2K
54%
エルサルバドル 30.7K
53%
ニカラグア 170.2K
49%
マダガスカル 50.3K
47%
パプアニューギニア 40.8K
47%
中央アフリカ 306.9K
45%
ギニア 261.6K
45%
カメルーン 26.4K
45%
ラオス 171K
43%
トーゴ 25.1K
42%
ウガンダ 393.9K
41%
イエメン 36.5K
27%
No matching quizzes found
Score Distribution
Percent of People with Each Score
Percentile by Number Answered
Your Score History
You have not taken this quiz